Statistics for Countries with 90,000...

Click here to take the quiz!

General Stats

  • This quiz has been taken 62 times
  • The average score is 2 of 10

Answer Stats

Countries with...Country% Correct
90,000 Trillion BTU of Energy consumed per yearUnited States
87%
90,000 PeopleAntigua and Barbuda
20%
$90,000 million defence budget per yearSaudi Arabia
19%
90,000 tonnes of Wine produced per yearUkraine
19%
90,000 HorsesAustria
17%
90,000 tonnes coffee produced per yearLaos
17%
90,000 km² AreaJordan
11%
90,000 RabbitsCyprus
9%
90,000 m CoastlineLithuania
7%
$90,000 million GDP (nominal per year)Angola
4%

Score Distribution

Percentile by Number Answered

Percent of People with Each Score

Your Score History

You have not taken this quiz